000 00804nam a2200241 i 4500
001 180306
003 ES-MaACL
005 20231220171002.0
008 120525s2000 sp |||| | spa d
020 _a84-920171-1-2
080 _a792(460)"19"
100 1 _aRebollo Sánchez, Félix
_995713
245 1 0 _aPerspectivas actuales del teatro español /
_cFélix Rebollo Sánchez.
260 _a[Madrid] :
_bF. Rebollo,
_c2000.
300 _a104 p. ;
_c21 cm.
500 _aÍndice.
650 0 7 _aTeatro-
_zEspaña-
_yS.XX.
_917307
852 _aES-MaACL
_jOlim: N-5124
_9187220
_bR.148567
_cDEPO1
_xDonación: del autor Félix Rebollo Sánchez
903 _aRebollo Sánchez, Félix
_ednr
_995713
942 _2udc
_cMONOGRAFIA
999 _c180306
_d180306